Design of equilibrium stage processes (Record no. 13251)

000 -LEADER
fixed length control field 00589nam a22002171 4500
001 - CONTROL NUMBER
control field 13251
003 - CONTROL NUMBER IDENTIFIER
control field BD-DhUET
008 - FIXED-LENGTH DATA ELEMENTS--GENERAL INFORMATION
fixed length control field 740517s1963 nyua b 000 0 eng
020 ## - INTERNATIONAL STANDARD BOOK NUMBER
International Standard Book Number 070586373
040 ## - CATALOGING SOURCE
Original cataloging agency DLC
Transcribing agency OAkU
Modifying agency BD-DhUET
082 ## - DEWEY DECIMAL CLASSIFICATION NUMBER
Classification number 660.28422
Item number SMI/1963
100 1# - MAIN ENTRY--PERSONAL NAME
Personal name Smith, Buford D.
245 10 - TITLE STATEMENT
Title Design of equilibrium stage processes
250 ## - EDITION STATEMENT
Edition statement 1st ed.
260 ## - PUBLICATION, DISTRIBUTION, ETC. (IMPRINT)
Place of publication, distribution, etc. New York
Name of publisher, distributor, etc. McGraw-Hill
Date of publication, distribution, etc. 1963
300 ## - PHYSICAL DESCRIPTION
Extent 647 p.
Other physical details ill.
Dimensions 24 cm.
490 ## - SERIES STATEMENT
Series statement McGraw-Hill chemical engineering series
504 ## - BIBLIOGRAPHY, ETC. NOTE
Bibliography, etc Includes bibliographies
650 #0 - SUBJECT ADDED ENTRY--TOPICAL TERM
Topical term or geographic name as entry element Chemical equilibrium
942 ## - ADDED ENTRY ELEMENTS (KOHA)
Koha item type General Book
Holdings
Shelving location Koha normalized classification for sorting Koha date last seen Koha full call number Price effective from Koha item type Location (home branch) Piece designation (barcode) Withdrawn status Copy number Not for loan Date acquired Lost status Source of classification or shelving scheme Sublocation or collection (holding branch) Damaged status
Circulation section660_284220000000000_SMI_19632015-03-02660.28422/SMI/19632015-03-02General BookCentral Library, BUET34954 1 2015-03-02  Central Library, BUET 
Circulation section660_284220000000000_SMI_19632015-03-03660.28422/SMI/19632015-03-03General BookCentral Library, BUET29845 2 2015-03-03  Central Library, BUET 
Circulation section660_284220000000000_SMI_19632015-03-03660.28422/SMI/19632015-03-03General BookCentral Library, BUET29841 3 2015-03-03  Central Library, BUET 
Circulation section660_284220000000000_SMI_19632015-03-03660.28422/SMI/19632015-03-03General BookCentral Library, BUET29847 4 2015-03-03  Central Library, BUET 
Circulation section660_284220000000000_SMI_19632015-03-03660.28422/SMI/19632015-03-03General BookCentral Library, BUET29853 5 2015-03-03  Central Library, BUET 
Circulation section660_284220000000000_SMI_19632015-03-03660.28422/SMI/19632015-03-03General BookCentral Library, BUET29843 6 2015-03-03  Central Library, BUET 
Circulation section660_284220000000000_SMI_19632015-03-03660.28422/SMI/19632015-03-03General BookCentral Library, BUET29844 7 2015-03-03  Central Library, BUET 
Circulation section660_284220000000000_SMI_19632015-03-03660.28422/SMI/19632015-03-03General BookCentral Library, BUET29840 8 2015-03-03  Central Library, BUET 
Circulation section660_284220000000000_SMI_19632015-03-03660.28422/SMI/19632015-03-03General BookCentral Library, BUET34955 9 2015-03-03  Central Library, BUET 
Circulation section660_284220000000000_SMI_19632015-05-11660.28422/SMI/19632015-05-11General BookCentral Library, BUET11477 10 2015-05-11  Central Library, BUET 
Circulation section660_284220000000000_SMI_19632015-05-11660.28422/SMI/19632015-05-11General BookCentral Library, BUET29846 11 2015-05-11  Central Library, BUET 
Circulation section660_284220000000000_SMI_19632015-05-11660.28422/SMI/19632015-05-11General BookCentral Library, BUET34953 12 2015-05-11  Central Library, BUET 
Circulation section660_284220000000000_SMI_19632015-05-11660.28422/SMI/19632015-05-11General BookCentral Library, BUET18836 13 2015-05-11  Central Library, BUET 
Circulation section660_284220000000000_SMI_19632015-05-11660.28422/SMI/19632015-05-11General BookCentral Library, BUET29854 14 2015-05-11  Central Library, BUET 
Circulation section660_284220000000000_SMI_19632015-05-11660.28422/SMI/19632015-05-11General BookCentral Library, BUET29856 15 2015-05-11  Central Library, BUET 
Circulation section660_284220000000000_SMI_19632015-05-19660.28422/SMI/19632015-05-19General BookCentral Library, BUET29848 16 2015-05-19  Central Library, BUET 
Reading section660_284220000000000_SMI_19632015-06-18660.28422/SMI/19632015-06-18Reading ItemCentral Library, BUET6449 17 2015-06-18  Central Library, BUET